International marketing /

Guardado en:
Detalles Bibliográficos
Autor principal: Paliwoda, Stanley J.
Formato: Libro
Lenguaje:English
Publicado: Oxford : Butterworth Heinemann, 1998
Edición:3rd edition
Materias:
Etiquetas: Agregar Etiqueta
Sin Etiquetas, Sea el primero en etiquetar este registro!
Thư viện lưu trữ: Mạng thư viện Đại học Đà Nẵng
LEADER 00830cam a2200337 i 4500
001 000046401
003 5866
005 20021115151227.0
008 010220|1998 vm 000 eng
020 |a 0750622415 
040 |a IRC  |c IRC  |d IRC 
041 0 |a eng 
082 1 4 |a 658.848  |b PA-S 
100 1 |a Paliwoda, Stanley J. 
245 0 0 |a International marketing /  |c Stanley J. Paliwoda 
250 |a 3rd edition 
260 |a Oxford :  |b Butterworth Heinemann,  |c 1998 
300 |a xvi, 509p. :  |b ill. 
630 0 4 |a Export marketing 
650 0 4 |a Export marketing 
OWN |a DUT 
049 0 0 |a admin 
999 |a From the UDN01 
TYP |a Monograph 
TYP |a Printed language 
980 |a Mạng thư viện Đại học Đà Nẵng